| 000 | 004260000a22001810004500 | ||
|---|---|---|---|
| 003 | MACL | ||
| 005 | 20151014154557.0 | ||
| 008 | 151014b xxu||||| |||| 00| 0 eng d | ||
| 040 |
_aMACL _cMACL |
||
| 041 | _aEnglish | ||
| 082 | _a920/JHO | ||
| 100 |
_aJhodia, Sumani _914847 |
||
| 245 | _aSumani Speaks | ||
| 260 |
_bRupantar _c2007 _aBhubaneswar |
||
| 350 | _a95 | ||
| 650 |
_aBiography _914848 |
||
| 942 |
_cBK _k920/JHO _2ddc |
||
| 999 |
_c42545 _d42545 |
||